Základní směry a koncepce vyššího využití druhotných surovin v 8. pětiletém plánu
Gespeichert in:
| Format: | Buch |
|---|---|
| Sprache: | Tschechisch |
| Veröffentlicht: |
Praha
Výzkumný ústav plánování a řízení nár. hospodářství
1983
|
| Schriftenreihe: | Výzkumná práce
č. 147 |
| Tags: |
Keine Tags, Fügen Sie das erste Tag hinzu!
|
MARC
| LEADER | 00000nam a2200000 4500 | ||
|---|---|---|---|
| 001 | c114717 | ||
| 005 | 20181203150328.8 | ||
| 041 | 0 | |a cze | |
| 044 | |a CZ | ||
| 245 | 1 | 0 | |a Základní směry a koncepce vyššího využití druhotných surovin v 8. pětiletém plánu |
| 264 | 1 | |a Praha |b Výzkumný ústav plánování a řízení nár. hospodářství |c 1983 | |
| 300 | |a 192 s. | ||
| 490 | 1 | |a Výzkumná práce |v č. 147 | |
| 830 | 0 | |a Výzkumná práce |v č. 147 | |